Harry Potter#2 - Statistiques

Statistiques générales
  • Ce quiz a été pris 23 fois
  • Le résultat moyen est 13 sur 15
Statistiques - réponses
Hint Réponse % Correct
Meilleure amie Hermione
100%
Papa James
100%
Maman Lily
100%
Meilleur ami Ron
100%
Nombre d'enfants 3
95%
Cousin Dudley
90%
Tante Petunia
90%
Première petite amie Cho
86%
Sa femme Ginny
86%
Oncle Vernon
86%
Nom de son deuxième fils Albus Severus
81%
Maison dans l'école Gryffondor
81%
Nom de l'animal de compagnie Hedwige
81%
Nom de son premier fils James Sirius
62%
Nom de sa fille Lily Luna
57%
Aucun quiz correspondant
Distribution des résultats
% des personnes avec chaque résultat
Percentile par nombre de réponses
Votre historique - résultats
Vous n’avez pas pris ce quiz